Movies Quiz

Random Movies or Clickable Quiz

AFI's Top 100 Movie Casts Quiz Stats

 Plays Quiz not verified by Sporcle

Challenge
Share
Tweet
Embed
Score 0/100 Timer 15:00
0 Plays Today
% Correct
Titanic
80%
Star Wars
79.4%
Pulp Fiction
79.2%
The Lord Of The Rings: The Fellowship Of The Ring
78.8%
Rocky
78.2%
The Silence Of The Lambs
77.6%
The Sixth Sense
77.6%
Some Like It Hot
76.5%
The Shawshank Redemption
76.5%
Gone With The Wind
76.3%
The Godfather
75.5%
Psycho
75.5%
Casablanca
75.3%
The Sound Of Music
75.3%
The Graduate
74.6%
Forrest Gump
74.6%
Goodfellas
74.4%
Toy Story
74.4%
The Wizard Of Oz
74.2%
Schindler's List
73.6%
Annie Hall
73.6%
Jaws
73.4%
One Flew Over The Cuckoo's Nest
72.8%
E.T.
71.9%
Citizen Kane
70.9%
Platoon
70.3%
Butch Cassidy And The Sundance Kid
69.9%
Taxi Driver
69.6%
Bonnie And Clyde
69%
Unforgiven
68.6%
Singin' In The Rain
68.4%
Saving Private Ryan
68%
Cabaret
66.7%
Raiders Of The Lost Ark
66.1%
% Correct
Lawrence Of Arabia
65.9%
Blade Runner
65.5%
Easy Rider
65.1%
Apocalypse Now
64.7%
Chinatown
64.5%
The Deer Hunter
64%
Tootsie
64%
On The Waterfront
63.8%
Midnight Cowboy
63.6%
In The Heat Of The Night
63.4%
To Kill A Mockingbird
63.2%
A Clockwork Orange
63%
Do The Right Thing
62.6%
It's A Wonderful Life
62.2%
All The President's Men
61.1%
Raging Bull
60.7%
Dr. Strangelove
60.7%
Spartacus
60.7%
West Side Story
60.3%
Vertigo
59%
The Godfather Part 2
59%
King Kong
59%
A Streetcar Named Desire
58.8%
MASH
58.2%
Sophie's Choice
57.2%
American Graffiti
56.8%
Ben-Hur
56.8%
The Apartment
56.5%
The French Connection
56.5%
The African Queen
56.3%
The Bridge On The River Kwai
55.7%
Network
54.7%
12 Angry Men
54.3%
The Philadelphia Story
53.8%
% Correct
Rear Window
53.4%
Who's Afraid Of Virginia Woolf?
53.4%
Snow White And The Seven Dwarfs
52.8%
Sunset Boulevard
52.6%
All About Eve
51.8%
The Searches
51.6%
It Happened One Night
50.9%
North By Northwest
49.5%
Duck Soup
49.3%
High Noon
47.4%
The Maltese Falcon
47.2%
The General
45.3%
Double Indemnity
45.3%
The Treasure Of Sierra Madre
45.3%
City Lights
44.7%
2001: A Space Odyssey
44.1%
The Grapes Of Wrath
43.7%
Shane
43%
Bringing Up Baby
41%
The Last Picture Show
41%
Mr. Smith Goes To Washington
40.5%
Yankee Doodle Dandy
40.5%
Swing Time
36.6%
The Wild Bunch
33.7%
The Best Years Of Our Lives
32.4%
Nashville
30.1%
A Night At The Opera
28.5%
Sullivan's Travels
26.4%
The Gold Rush
22.9%
Modern Times
20.6%
Sunrise: A Song Of Two Hunters
18.7%
Intolerance
16.4%

You're not logged in!

Compare scores with friends on all Sporcle quizzes.
OR
Log In

You Might Also Like...

Show Comments

Extras

Top Quizzes Today


Score Distribution

Your Account Isn't Verified!

In order to create a playlist on Sporcle, you need to verify the email address you used during registration. Go to your Sporcle Settings to finish the process.

Report this User

Report this user for behavior that violates our Community Guidelines.

Details: